000 01223cam a22002894a 4500
005 20170515090930.0
008 090807s2007 txua bf 001 0 eng c
020 _a1597180289
020 _a9781597180283
040 _aWAU
_cWAU
_dBTCTA
_dBAKER
_dNLGGC
_dYDXCP
_dDLC
_dCO-BoIAVH
041 0 _aspa
044 _ack
082 0 4 _a005.55
_bS79a9
245 0 0 _aStata survival analysis and epidemiological table :
_breference manual : release 10.
246 1 4 _aStata release 10 :
_bsurvival analysis and epidemiological tables
246 1 8 _aStata 10 :
_bsurvival analysis and epidemiological tables
260 _aCollege Station, Texas :
_bStataCorp LP,
_cc2007.
300 _aiv, 489 páginas ;
_bilustraciones ;
_c24 x 19 cm.
504 _aIncluye referencias bibliográficas e índice.
630 0 _aStata (Software)
_vGuías, manuales, etc.
650 2 6 _aSupervivencia
_xAnálisis
_xProgramas de ordenador
_vGuías, manuales, etc.
650 2 6 _aEpidemiología
_xEstadísticas
_xProgramas de ordenador
_vGuías, manuales, etc.
650 2 6 _aProgramas de ordenador
_vGuías, manuales, etc.
650 2 6 _aProcesamiento de datos
710 2 _aStata Corporation
942 _2ddc
_cLIBRO
999 _c19498
_d19498